header

Monitoring educational performance in the Caribbean (Record no. 58109)

MARC details
000 -LEADER
fixed length control field 01243nam a2200313Ia 4500
082 04 - DEWEY DECIMAL CLASSIFICATION NUMBER
Classification number 379.1/58/09729
100 1# - MAIN ENTRY--AUTHOR NAME
Personal name Di Gropello, Emanuela.
245 10 - TITLE STATEMENT
Title Monitoring educational performance in the Caribbean
260 ## - PUBLICATION, DISTRIBUTION, ETC. (IMPRINT)
Place of publication Washington, DC :
Name of publisher World Bank,
Year of publication 2003.
300 ## - PHYSICAL DESCRIPTION
Number of Pages xiii, 96 p.
490 1# - SERIES STATEMENT
Series statement World Bank working paper ;
650 #0 - SUBJECT ADDED ENTRY--TOPICAL TERM
Topical Term Education
Topical Term Education
856 40 - ELECTRONIC LOCATION AND ACCESS
Uniform Resource Identifier http://site.ebrary.com/lib/rucke/Doc?id=10038974

No items available.

© 2026 Rongo University
Contact us: librarian | system librarian | Rongo university